!!!!!! - Billie Eilish (Lyrics) - Statistiken

Allgemein
  • Dieses Quiz wurde 127 mal gespielt
  • Das Durchschnittsergebnis liegt bei 13 aus 20
Antwortstatistiken
Antwort % Korrekt
I
98%
I
98%
the
74%
My
70%
my
70%
my
70%
is
69%
this
69%
album
67%
and
63%
out
61%
out
61%
have
60%
have
60%
taken
59%
taken
59%
invisalign
36%
invisalign
36%
invisalign
36%
has
32%
Keine übereinstimmenden Quizze gefunden
Verteilung der Resultate
Anzahl Personen mit jedem Resultat
Perzentil nach korrekt beantworteten Fragen
Ihre Resultats-Entwicklung
Sie haben dieses Quiz noch nicht gespielt